000 00500nam a2200181Ia 4500
008 090124s9999 xx 000 0 und d
082 _b10233
_a1194
100 _aकाणेकर अनंत
245 _a बोलका ढलपा
250 _a1
260 _c1959
300 _a255
600 _aकाणेकर अनंत
630 _a बोलका ढलपा
700 _aकाणेकर अनंत
730 _a बोलका ढलपा
942 _cBOOK
999 _c124330
_d124330